| 000 | 00000nam 2200000zi 4500 |
| 001 | 9.933721 |
| 003 | CaOODSP |
| 005 | 20240912143650 |
| 006 | m o d f |
| 007 | cr mn||||||||| |
| 008 | 240209t20242023onca o f000 0 eng d |
| 020 | |a9780660701639 |
| 040 | |aCaOODSP|beng|erda|cCaOODSP |
| 043 | |an-cn--- |
| 045 | |ay1y2 |
| 086 | 1 |aSC103-31/2024E-PDF |
| 110 | 2 |aCanada School of Public Service.|eauthor, |eissuing body. |
| 245 | 10|aReport to Parliament 2016-2023 / |cCanada School of Public Service. |
| 264 | 1|a[Ottawa] : |bCanada School of Public Service = École de la fonction publique du Canada, |c[2024] |
| 264 | 4|c©2023 |
| 300 | |a1 online resource (15 pages) : |bcolour illustrations |
| 336 | |atext|btxt|2rdacontent |
| 337 | |acomputer|bc|2rdamedia |
| 338 | |aonline resource|bcr|2rdacarrier |
| 500 | |aIssued also in French under title: Rapport au Parlement 2016-2023. |
| 610 | 20|aCanada School of Public Service. |
| 650 | 0|aPublic administration|xStudy and teaching (Continuing education)|zCanada. |
| 651 | 0|aCanada|xOfficial and employees|xEducation (Continuing education) |
| 651 | 0|aCanada|xOfficial and employees|xIn-service training. |
| 775 | 08|tRapport au Parlement 2016-2023 / |w(CaOODSP)9.933722 |
| 795 | |tReport to Parliament, 2011-2016 |w(CaOODSP)9.843327 |
| 856 | 40|qPDF|s773 KB|uhttps://publications.gc.ca/collections/collection_2024/efpc-csps/SC103-31-2024-eng.pdf |
| 856 | 4 |qHTML|sN/A|uhttps://www.csps-efpc.gc.ca/about_us/currentreport/2016-23-parliament-eng.aspx |